000 00451nam a2200193Ia 4500
005 20250425161604.0
008 250425s9999 xx 000 0 und d
020 _a0471049581
041 _aeng
082 _a620.72
100 _aGABEL, ROBERT A.
245 0 _aSIGNALS AND LINEAR SYSTEMS
250 _a2ND ED.
260 _aEstados Unidos
_bJOHN WILEY & SONS
_c1980
260 _aNEW YORK
300 _a492
942 _c01
010 _a23564
999 _c212105
_d212105